00222nam a2200097Ia 4500008004100000100001000041245004000051260001700091300000800108650000800116191201s2019 xx 000 0 und d aICFAI 0aCase Studies on innovation in India aICFAIbICFAI a275 aMBA